Score 0/20 Timer 03:00
0 Plays Today
Question Answer Wrong Answers
Known as Invisible Woman Invisible Woman
93.4%
Mister Fantastic
0.6%
Human Torch
0.3%
The Thing
0.2%
Portrayed in movies by Jessica Alba and Kate Mara Invisible Woman
92.5%
Mister Fantastic
0.7%
Human Torch
0.6%
The Thing
0.4%
Alter ego is Sue Storm Invisible Woman
92.4%
Mister Fantastic
0.8%
Human Torch
0.9%
The Thing
0.5%
Known as Human Torch Human Torch
92.2%
Mister Fantastic
0.8%
Invisible Woman
0.6%
The Thing
0.7%
Known as Thing The Thing
92%
Mister Fantastic
1%
Invisible Woman
0.6%
Human Torch
0.7%
Known as Mister Fantastic Mister Fantastic
91.1%
Invisible Woman
0.5%
Human Torch
1.5%
The Thing
1.3%
Known for the catchphrase 'It's clobberin' time!' The Thing
89.2%
Mister Fantastic
1.9%
Invisible Woman
0.9%
Human Torch
2%
Main powers are invisibility and force field generation Invisible Woman
86.2%
Mister Fantastic
5%
Human Torch
2.2%
The Thing
0.8%
Main power is superhuman strength and invulnerability The Thing
85%
Mister Fantastic
6.6%
Invisible Woman
1.8%
Human Torch
0.9%
Main power is elasticity Mister Fantastic
82.2%
Invisible Woman
9.7%
Human Torch
1.3%
The Thing
1.2%
Alter ego is Reed Richards Mister Fantastic
82%
Invisible Woman
1.3%
Human Torch
5.8%
The Thing
4.8%
Main power is pyrokinesis Human Torch
80.8%
Mister Fantastic
3.7%
Invisible Woman
8%
The Thing
1.7%
Alter ego is Ben Grimm The Thing
80.7%
Mister Fantastic
7.8%
Invisible Woman
0.7%
Human Torch
5.1%
Alter ego is Johnny Storm Human Torch
80.6%
Mister Fantastic
10.5%
Invisible Woman
1%
The Thing
2.3%
Portrayed in movies by Chris Evans and Michael B. Jordan Human Torch
75.7%
Mister Fantastic
13.6%
Invisible Woman
0.7%
The Thing
4.2%
Portrayed in movies by Ioan Gruffudd and Miles Teller Mister Fantastic
72.6%
Invisible Woman
2.1%
Human Torch
9.5%
The Thing
9.6%
Founding member of the Illuminati Mister Fantastic
71.4%
Invisible Woman
5.5%
Human Torch
13.1%
The Thing
4.3%
Portrayed in movies by Michael Chiklis and Jamie Bell The Thing
70.6%
Mister Fantastic
12.3%
Invisible Woman
2.6%
Human Torch
8.3%
Often teams with Storm, She-Hulk, Thundra, and Valkyrie Invisible Woman
61.5%
Mister Fantastic
4.6%
Human Torch
9.5%
The Thing
18.5%
Shares name with an android whose alter ego is Jim Hammond Human Torch
36.2%
Mister Fantastic
27.3%
Invisible Woman
3.3%
The Thing
27.3%

Today's Daily Dose

Remove Ads.
Support Sporcle.
Get the best of Sporcle when you Go Orange. This ad-free experience offers more features, more stats, and more fun while also helping to support Sporcle. Thank you for becoming a member.

You're not logged in!

Compare scores with friends on all Sporcle quizzes.
OR
Log In

Show Comments

Extras

Top Quizzes Today


Score Distribution

Your Account Isn't Verified!

In order to create a playlist on Sporcle, you need to verify the email address you used during registration. Go to your Sporcle Settings to finish the process.

Report this User

Report this user for behavior that violates our Community Guidelines.

Details: